History Of Freedom Movement in India and National Integration : (Record no. 5112)

MARC details
000 -LEADER
fixed length control field 00690cam a2200217ua 4500
008 - FIXED-LENGTH DATA ELEMENTS--GENERAL INFORMATION
fixed length control field 131109n ii |||gr||||Z||||||eng
040 ## - CATALOGING SOURCE
Transcribing agency MAIN
082 ## - DEWEY DECIMAL CLASSIFICATION NUMBER
Classification number 954.035
100 ## - MAIN ENTRY--PERSONAL NAME
Personal name Padhi,A.P,
Relator term
245 ## - TITLE STATEMENT
Title History Of Freedom Movement in India and National Integration :
Remainder of title Social and Cultural History of India /
Statement of responsibility, etc. by A.P Padhi .
250 ## - EDITION STATEMENT
Edition statement 1st ed.
Remainder of edition statement 1st ed.
260 ## - PUBLICATION, DISTRIBUTION, ETC.
Place of publication, distribution, etc. Burla:
Name of publisher, distributor, etc. Samaleswari Publishers,
Date of publication, distribution, etc. 1986-87.
300 ## - PHYSICAL DESCRIPTION
Extent 208p.
700 ## - ADDED ENTRY--PERSONAL NAME
Personal name Mishra,P.K,
Relator term
942 ## - ADDED ENTRY ELEMENTS (KOHA)
Koha item type Books
653 ## - INDEX TERM--UNCONTROLLED
Uncontrolled term History
653 ## - INDEX TERM--UNCONTROLLED
Uncontrolled term History
653 ## - INDEX TERM--UNCONTROLLED
Uncontrolled term History Of Freedom Movement in India and National Integration
653 ## - INDEX TERM--UNCONTROLLED
Uncontrolled term Social and cultural history of India
Holdings
Withdrawn status Lost status Damaged status Not for loan Home library Current library Shelving location Date acquired Total Checkouts Full call number Barcode Date last seen Copy number Price effective from Koha item type
        Central Library, Naharkatiya College Central Library, Naharkatiya College General Stacks 19/09/2020   954.035 | PAD 3676 19/09/2020 1 19/09/2020 Books

Naharkatiya College © 2020. All rights reserved.

Powered By